000
00334nam a2200157Ia 4500
100
_a
Mac Donald/Matthew
650
_a
Website
942
_c
BK
366
_f
25
245
_a
Creating a website-the missing manual
260
_b
SPD
_c
2011
082
_a
4.65
_b
MAC
300
_a
563
546
_a
ENGLISH
_c
electronics
999
_c
18745
_d
18745